000 00687nas a22001817a 4500
001 L121136
007 ta
008 191018b2019 ||||| |||| 00| 0 eng d
041 _aeng
100 _aCox, Hugo
245 _aThe cluster paradox
260 _c2019
490 _aModus
_vOctober 2019, 20-26(7)
520 _aLooks at the phenomena of business clusters which bring together companies, people and skills in an area and examines what the best recipe is to make them happen. Includes research from the Economist Intelligence Unit on the best environment to enable businesses to flourish.
650 _aCLUSTERS
651 _aUnited Kingdom
690 _96227
_aCommercial property
999 _c121136
_d121136